000 00679nam a2200241Ia 4500
003 OSt
005 20221005044505.0
006 a|||||r|||| 00| 0
007 ta
008 221004b |||||||| |||| 00| 0 hin d
024 _a50045
037 _cTextual
040 _aCRL
_cCRL
_bhin
041 _2hin
_ahin
082 _aV2,21y7M89:g(Y), 152N1
100 _aSharma Ved Vrat
_9445471
245 0 _aJawahar Lal Nehru
_b Ek samajwadi darshnik
260 _aIndore
_bLakshmi Prakashan Sansthan India
_c1991
300 _a303p.
_ccm.
650 _aHISTORY
942 _hV2,21y7M89:g(Y), 152N1
_cTEXL
_2cc
999 _c953456
_d953456